[Event "CRO Team Cup"]
[Site "Mali Losinj"]
[Date "2017.05.11"]
[Round "3.113"]
[White "Kurecic, Mladen"]
[Black "Cecuk, Marijo"]
[Result "0-1"]
[WhiteElo "2023"]
[BlackElo "2058"]
[PlyCount "134"]
[EventDate "2017.??.??"]

1. d4 d5 2. c4 c6 3. cxd5 cxd5 4. Nf3 Nf6 5. Nc3 g6 6. Bf4 a6 7. e3 Bg7 8. Qb3
Nc6 9. h3 O-O 10. g4 e6 11. Ne5 Nxe5 12. Bxe5 Re8 13. Bg2 Nd7 14. Bg3 Nb6 15.
O-O Bd7 16. Rfc1 Bc6 17. Qd1 Qd7 18. a4 a5 19. Bf1 Nc4 20. b3 Nd6 21. Rc2 Rac8
22. Rac1 Bf8 23. Be5 Be7 24. Qf3 f5 25. Qg3 Ne4 26. Nxe4 fxe4 27. h4 Rf8 28. g5
Rf3 29. Qg4 Ba3 30. Ra1 Bf8 31. Bg2 Rf7 32. h5 Bg7 33. hxg6 hxg6 34. Bg3 Rf5
35. Bh3 Re8 36. Qh4 Rf7 37. Bf4 Qe7 38. Rd1 e5 39. dxe5 Bxe5 40. Bxe5 Qxe5 41.
Kg2 Rh7 42. Qg3 Rh5 43. Qxe5 Rxe5 44. Rh1 Rexg5+ 45. Kf1 Bd7 46. Bg2 Rxh1+ 47.
Bxh1 Bh3+ 48. Ke2 Rg1 49. Bxe4 dxe4 50. Rc7 Bf1+ 51. Kd2 Ba6 52. Re7 Rf1 53.
Rxe4 Rxf2+ 54. Kc3 Kf7 55. Rg4 Kf6 56. Rd4 g5 57. Rd8 Re2 58. Rf8+ Kg6 59. Kd4
g4 60. e4 Kg5 61. Rf5+ Kh4 62. e5 Rd2+ 63. Kc5 g3 64. Rf8 Be2 65. Rh8+ Bh5 66.
e6 g2 67. Rg8 Bg4 0-1

[Event "CRO Team Cup"]
[Site "Mali Losinj"]
[Date "2017.05.11"]
[Round "3.114"]
[White "Saric, Branko"]
[Black "Tretinjak, Dario"]
[Result "0-1"]
[WhiteElo "1879"]
[BlackElo "1818"]
[PlyCount "62"]
[EventDate "2017.??.??"]

1. d4 Nf6 2. Nf3 e6 3. c4 b6 4. e3 Bb7 5. Be2 Be7 6. O-O O-O 7. Nc3 d5 8. b3
Nbd7 9. Bb2 c5 10. Qc2 cxd4 11. Nxd4 Rc8 12. Rac1 Nc5 13. Rfd1 Qc7 14. Qb1 Qb8
15. f3 Bd6 16. f4 h6 17. cxd5 Nxd5 18. Nxd5 Bxd5 19. Bf3 Bxf3 20. Nxf3 Rfd8 21.
f5 exf5 22. Qxf5 Ne6 23. Ne5 Bxe5 24. Bxe5 Rxd1+ 25. Rxd1 Qb7 26. Rf1 Rc5 27.
Rd1 Rd5 28. Rf1 Qd7 29. e4 Rc5 30. b4 Rb5 31. a3 f6 0-1

[Event "CRO Team Cup"]
[Site "Mali Losinj"]
[Date "2017.05.11"]
[Round "3.121"]
[White "Bulic, Domagoj"]
[Black "Rogulj, Branko"]
[Result "1/2-1/2"]
[WhiteElo "2187"]
[BlackElo "2410"]
[PlyCount "120"]
[EventDate "2017.??.??"]

1. c4 c5 2. Nc3 Nc6 3. e4 g6 4. d3 Bg7 5. f4 d6 6. Nf3 e6 7. Be2 Nge7 8. O-O
O-O 9. Be3 b6 10. d4 d5 11. e5 Nf5 12. Bf2 cxd4 13. cxd5 exd5 14. Nxd4 Nfxd4
15. Bxd4 Be6 16. Qd2 Nxd4 17. Qxd4 f6 18. Bf3 fxe5 19. fxe5 Re8 20. Nxd5 Kh8
21. Rad1 Bxd5 22. Qxd5 Qxd5 23. Rxd5 Re7 24. b3 Rae8 25. e6 Rxe6 26. Rd7 a5 27.
Rc1 Bf8 28. g3 Bc5+ 29. Kg2 Rf6 30. Rd3 Kg7 31. a4 h5 32. h4 Kh6 33. Rcd1 Re5
34. R1d2 Rfe6 35. Bd5 Re7 36. Bc4 Re1 37. Rf3 Rg1+ 38. Kh3 Rh1+ 39. Rh2 Rhe1
40. Rd2 R7e3 41. Rxe3 Bxe3 42. Rd3 Re2 43. Rd1 Rc2 44. Rf1 Bd4 45. Rd1 Bf2 46.
Rd6 Bg1 47. g4 hxg4+ 48. Kxg4 Rg2+ 49. Kh3 Rh2+ 50. Kg3 Rb2 51. Rd7 Bh2+ 52.
Kf3 Be5 53. Bg8 Bg7 54. Rb7 Rh2 55. Rxb6 Be5 56. Rb5 Bc3 57. Kg3 Rh1 58. Rb7
Be1+ 59. Kg2 Rxh4 60. Rh7+ Kg5 1/2-1/2

[Event "CRO Team Cup"]
[Site "Mali Losinj"]
[Date "2017.05.11"]
[Round "3.122"]
[White "Vrsek, Ivan"]
[Black "Barcal, Aleksandar"]
[Result "1-0"]
[WhiteElo "2219"]
[BlackElo "2001"]
[PlyCount "63"]
[EventDate "2017.??.??"]

1. d4 Nf6 2. c4 g6 3. Nc3 Bg7 4. Nf3 d6 5. g3 c6 6. Bg2 O-O 7. O-O Qc7 8. e4 e5
9. h3 Nbd7 10. Be3 h6 11. d5 Rd8 12. Nd2 a6 13. b4 c5 14. a3 b6 15. Qc2 Rb8 16.
Rfb1 Nf8 17. a4 N6d7 18. a5 cxb4 19. Rxb4 bxa5 20. Rxb8 Nxb8 21. Qa4 Bb7 22.
Nb3 Nfd7 23. Qxa5 Rc8 24. Bf1 Bf8 25. Rb1 Qxa5 26. Nxa5 Ba8 27. Na4 Be7 28. Nb7
Rc7 29. Na5 Rc8 30. h4 Kg7 31. Bh3 Rc7 32. Nb6 1-0

[Event "CRO Team Cup"]
[Site "Mali Losinj"]
[Date "2017.05.11"]
[Round "3.123"]
[White "Kovacevic, Matija"]
[Black "Podravec, Kresimir"]
[Result "0-1"]
[WhiteElo "1993"]
[BlackElo "2171"]
[PlyCount "80"]
[EventDate "2017.??.??"]

1. d4 d5 2. Nf3 Nf6 3. c4 c6 4. g3 e6 5. Bg2 Be7 6. O-O O-O 7. Nc3 a6 8. Qd3 b5
9. b3 Nbd7 10. Bf4 Bb7 11. Rac1 Rc8 12. Rfd1 b4 13. Na4 Nh5 14. Bd2 Nhf6 15.
Bf4 h6 16. Ne5 Nxe5 17. dxe5 Nd7 18. e4 g5 19. Be3 Nxe5 20. Qe2 Ng6 21. cxd5
cxd5 22. Rxc8 Bxc8 23. Nb6 d4 24. Bxd4 Qc7 25. Nxc8 Qxc8 26. Be3 e5 27. Bf1 a5
28. Qh5 Kg7 29. Bh3 Qc6 30. Bf5 Rd8 31. Rc1 Qd6 32. h4 Qf6 33. Rc7 Rh8 34. Rb7
Bd8 35. hxg5 hxg5 36. Qg4 Nf8 37. Qf3 Qc6 38. Rb8 Ne6 39. Qg4 Qc2 40. Bxe6 Qb1+
0-1

[Event "CRO Team Cup"]
[Site "Mali Losinj"]
[Date "2017.05.11"]
[Round "3.124"]
[White "Greb, Nikola"]
[Black "Juras, Zvonko"]
[Result "1-0"]
[WhiteElo "2049"]
[BlackElo "1914"]
[PlyCount "91"]
[EventDate "2017.??.??"]

1. e4 e5 2. Nf3 Nc6 3. Bc4 Bc5 4. d3 Nf6 5. Be3 Bxe3 6. fxe3 d6 7. Nc3 Na5 8.
Bb3 O-O 9. O-O Nxb3 10. axb3 Bg4 11. Qe1 Bxf3 12. Rxf3 d5 13. exd5 Nxd5 14. e4
Nf4 15. Qe3 b6 16. Raf1 Ne6 17. Ne2 Qd7 18. c3 Rad8 19. b4 c5 20. bxc5 bxc5 21.
Ng3 Nf4 22. Qxc5 Nxd3 23. Qe3 Qc7 24. Qg5 Qb6+ 25. Kh1 f6 26. Nf5 Qc7 27. Qd2
Nc5 28. Qc2 Qb7 29. Rg3 g6 30. Rg4 Kh8 31. Ne3 Qa6 32. c4 Rd4 33. b4 Nd3 34. b5
Qe6 35. Rg3 Rc8 36. Rgf3 Nf4 37. g3 Nh5 38. c5 Rb4 39. c6 Rxb5 40. c7 Kg7 41.
Qa4 a6 42. Nd5 Rb2 43. Qa3 Re2 44. Nxf6 Nxf6 45. Rxf6 Qh3 46. Rf7+ 1-0

[Event "CRO Team Cup"]
[Site "Mali Losinj"]
[Date "2017.05.12"]
[Round "4.11"]
[White "Saric, Ivan"]
[Black "Stevic, Hrvoje"]
[Result "1/2-1/2"]
[WhiteElo "2618"]
[BlackElo "2600"]
[PlyCount "78"]
[EventDate "2017.??.??"]

1. e4 e5 2. Nf3 Nc6 3. Bb5 a6 4. Ba4 d6 5. O-O Bd7 6. c3 g6 7. d4 Bg7 8. h3 Nf6
9. Re1 O-O 10. Nbd2 b5 11. Bc2 Re8 12. dxe5 Nxe5 13. Nxe5 Rxe5 14. Nf3 Re8 15.
Bg5 Qc8 16. e5 dxe5 17. Nxe5 Be6 18. Bxf6 Bxf6 19. Qf3 Bxe5 20. Rxe5 Bc4 21.
Rae1 Rxe5 22. Rxe5 Qd8 23. b3 Be6 24. h4 Rb8 25. h5 Qd2 26. Be4 Kg7 27. g4 Rd8
28. h6+ Kf8 29. Kg2 Rd6 30. g5 f5 31. gxf6 Qxh6 32. Bd5 Bxd5 33. Rxd5 Qh4 34.
Rxd6 cxd6 35. Kf1 Qg5 36. Qa8+ Kf7 37. Qxa6 Qc1+ 38. Kg2 Qg5+ 39. Kf1 Qc1+
1/2-1/2

[Event "CRO Team Cup"]
[Site "Mali Losinj"]
[Date "2017.05.12"]
[Round "4.12"]
[White "Palac, Mladen"]
[Black "Markus, Robert"]
[Result "0-1"]
[WhiteElo "2573"]
[BlackElo "2673"]
[PlyCount "100"]
[EventDate "2017.??.??"]

1. e4 Nf6 2. e5 Nd5 3. d4 d6 4. Nf3 dxe5 5. Nxe5 c6 6. Be2 Bf5 7. O-O Nd7 8.
Nf3 e6 9. c4 N5f6 10. Bf4 Qb6 11. Qc1 Be7 12. Rd1 h6 13. Nc3 O-O 14. c5 Qd8 15.
b4 a6 16. Nd2 Nd5 17. Nxd5 exd5 18. Nb3 Re8 19. a4 Nf8 20. Qb2 Ne6 21. Bg3 Bf6
22. Bf1 h5 23. h3 h4 24. Bh2 Ng5 25. b5 Be4 26. Qc3 Qd7 27. bxa6 bxa6 28. Re1
Qf5 29. Rac1 Qg6 30. Kh1 Bf5 31. Rxe8+ Rxe8 32. f3 Bc8 33. Na5 Bd8 34. Nb3 Qe6
35. Bd3 g6 36. Qd2 Nh7 37. Bf4 Nf6 38. Bg5 Nh5 39. Bxd8 Rxd8 40. Re1 Qf6 41.
Qe3 Bf5 42. Bxa6 Bc2 43. a5 Ng3+ 44. Kh2 Nf5 45. Qc3 Bxb3 46. Qxb3 Qxd4 47. Qb6
Rf8 48. Bb7 Qd2 49. Rb1 Re8 50. Qxc6 Re2 0-1

[Event "CRO Team Cup"]
[Site "Mali Losinj"]
[Date "2017.05.12"]
[Round "4.13"]
[White "Jovanic, Ognjen"]
[Black "Kozul, Zdenko"]
[Result "0-1"]
[WhiteElo "2492"]
[BlackElo "2617"]
[PlyCount "114"]
[EventDate "2017.??.??"]

1. d4 Nf6 2. c3 g6 3. Bf4 Bg7 4. e3 O-O 5. Nf3 d6 6. h3 Nbd7 7. Be2 c5 8. O-O
b6 9. Nbd2 Bb7 10. a4 a6 11. Bh2 Qc7 12. Bd3 Rfe8 13. Qb3 Bd5 14. c4 Bxf3 15.
Nxf3 e5 16. dxe5 dxe5 17. Nd2 Nb8 18. Ne4 Nc6 19. Nxf6+ Bxf6 20. Be4 Rad8 21.
Rad1 Nb4 22. g4 Bh4 23. Qc3 Rxd1 24. Rxd1 Qe7 25. Kf1 Qe6 26. b3 h5 27. f3 hxg4
28. hxg4 Kg7 29. Bd5 Qe7 30. Kg2 Bf6 31. Be4 Kg8 32. Qd2 Bg5 33. Bg1 Qf8 34.
Qd6 Qh6 35. Qxb6 Bxe3 36. Rd8 Rxd8 37. Qxd8+ Kg7 38. Bh2 Bf4 39. Bg1 Be3 40.
Qe7 Bd4 41. g5 Qh4 42. Bxd4 exd4 43. Qxc5 Kh7 44. Qxb4 Qxg5+ 45. Kf1 f5 46. Qa5
Qf4 47. Bc6 Kh6 48. c5 d3 49. Qc3 Qe3 50. Qe1 Qxc5 51. Qd2+ Kh5 52. Bb7 Qc2 53.
Ke1 Qxb3 54. Bxa6 Qe6+ 55. Kf2 Qxa6 56. a5 Qc4 57. Ke1 Qd4 0-1

[Event "CRO Team Cup"]
[Site "Mali Losinj"]
[Date "2017.05.12"]
[Round "4.14"]
[White "Jankovic, Alojzije"]
[Black "Kuljasevic, Davorin"]
[Result "1/2-1/2"]
[WhiteElo "2582"]
[BlackElo "2542"]
[PlyCount "39"]
[EventDate "2017.??.??"]

1. d4 Nf6 2. c4 e6 3. Nc3 Bb4 4. Bd2 O-O 5. e3 b6 6. Nf3 Ba6 7. Be2 c5 8. a3
Bxc3 9. Bxc3 Ne4 10. Rc1 d6 11. O-O Nd7 12. b4 Nxc3 13. Rxc3 Nf6 14. Nd2 Qe7
15. Bf3 Bb7 16. Bxb7 Qxb7 17. Qc2 Rac8 18. Rd1 d5 19. dxc5 bxc5 20. bxc5
1/2-1/2

[Event "CRO Team Cup"]
[Site "Mali Losinj"]
[Date "2017.05.12"]
[Round "4.21"]
[White "Bosiocic, Marin"]
[Black "Brkic, Ante"]
[Result "1/2-1/2"]
[WhiteElo "2603"]
[BlackElo "2553"]
[PlyCount "99"]
[EventDate "2017.??.??"]

1. e4 c5 2. Nf3 d6 3. d4 cxd4 4. Nxd4 Nf6 5. Nc3 a6 6. Bg5 e6 7. f4 Qb6 8. Nb3
Be7 9. Qf3 Nbd7 10. O-O-O Qc7 11. Bd3 b5 12. a3 Rb8 13. Bh4 b4 14. axb4 Rxb4
15. Be1 Bb7 16. Kb1 Nc5 17. Nxc5 dxc5 18. Qe3 c4 19. Be2 Bc5 20. Qg3 O-O 21. e5
Nd7 22. Na2 Ra4 23. f5 Rb8 24. fxe6 fxe6 25. Bg4 Bd5 26. Bc3 Ba3 27. Rxd5 exd5
28. Bxd7 Bxb2 29. Bxb2 Qb6 30. Bb5 Qxb5 31. Qc3 Qc5 32. Ka1 Rb5 33. e6 d4 34.
Qxd4 Qxd4 35. Bxd4 Rba5 36. Bc3 Rxa2+ 37. Kb1 R2a4 38. Bxa5 Rxa5 39. Rd1 Kf8
40. Rd8+ Ke7 41. Rd7+ Kf6 42. Rf7+ Kg6 43. Rc7 Re5 44. Rxc4 Rxe6 45. Rg4+ Kf7
46. Kb2 Re2 47. Kb3 g6 48. Rg3 Ke6 49. Rh3 Rxg2 50. Rxh7 1/2-1/2

[Event "CRO Team Cup"]
[Site "Mali Losinj"]
[Date "2017.05.12"]
[Round "4.22"]
[White "Stocko, Josip"]
[Black "Tica, Sven"]
[Result "1-0"]
[WhiteElo "2331"]
[BlackElo "2332"]
[PlyCount "99"]
[EventDate "2017.??.??"]

1. e4 c6 2. d4 d5 3. e5 c5 4. dxc5 Nc6 5. Bf4 e6 6. Nd2 Nge7 7. Ngf3 Ng6 8. Bg3
Bxc5 9. Bd3 Nb4 10. Be2 Qc7 11. O-O O-O 12. Nb3 Be7 13. Nbd4 Bd7 14. h4 Bc5 15.
h5 Ne7 16. h6 g6 17. Qd2 Nbc6 18. c3 Bxd4 19. cxd4 Nf5 20. Bh2 Qb6 21. Rad1 Qb4
22. Qf4 f6 23. exf6 Rxf6 24. g4 g5 25. Qc7 Nfxd4 26. Nxd4 Nxd4 27. Rxd4 Qxd4
28. Qxd7 Rxh6 29. Qe7 Rg6 30. Qxb7 Rf8 31. Bg3 Qe4 32. Re1 Rh6 33. f3 Qd4+ 34.
Kg2 Rhf6 35. Qb3 Qd2 36. Qc3 Qxc3 37. bxc3 Rc8 38. Be5 Rf7 39. Bd4 Rb8 40. a4
Rb2 41. Kg3 Rc7 42. Bb5 Kf7 43. Rh1 Kg8 44. Rh5 Ra2 45. Rxg5+ Kf8 46. Be5 Rb7
47. Rh5 Kg8 48. Rh6 Re7 49. Bd6 Kg7 50. g5 1-0

[Event "CRO Team Cup"]
[Site "Mali Losinj"]
[Date "2017.05.12"]
[Round "4.23"]
[White "Golubovic, Boris"]
[Black "Goric, Esad"]
[Result "1/2-1/2"]
[WhiteElo "2404"]
[BlackElo "2279"]
[PlyCount "57"]
[EventDate "2017.??.??"]

1. d4 c5 2. e4 cxd4 3. Nf3 d6 4. Nxd4 Nf6 5. Nc3 Nc6 6. Bc4 Bd7 7. Bb3 g6 8. h3
Bg7 9. Nf3 O-O 10. O-O Rc8 11. Bg5 Na5 12. e5 dxe5 13. Nxe5 Bc6 14. Qe2 Nxb3
15. axb3 a6 16. Rfd1 Qe8 17. Re1 e6 18. Rad1 h6 19. Bh4 Nd5 20. Nxd5 exd5 21.
Bg3 Bxe5 22. Bxe5 f6 23. Bd4 Qxe2 24. Rxe2 Kf7 25. Rde1 Rfe8 26. c3 Rxe2 27.
Rxe2 Re8 28. Rxe8 Bxe8 29. f4 1/2-1/2

[Event "CRO Team Cup"]
[Site "Mali Losinj"]
[Date "2017.05.12"]
[Round "4.24"]
[White "Bubalovic, Davorin"]
[Black "Zelenika, Srdjan"]
[Result "1-0"]
[WhiteElo "2211"]
[BlackElo "2219"]
[PlyCount "67"]
[EventDate "2017.??.??"]

1. e4 c5 2. Nf3 Nc6 3. Bb5 g6 4. O-O Bg7 5. c3 Nf6 6. Re1 O-O 7. h3 d5 8. e5
Ne8 9. d4 cxd4 10. cxd4 Bd7 11. Nc3 Nc7 12. Bf1 Rb8 13. Be3 b5 14. Qd2 b4 15.
Ne2 Ne6 16. Ng5 Nxg5 17. Bxg5 Qb6 18. b3 Rfe8 19. Be3 Nd8 20. Nf4 e6 21. Nd3
Bf8 22. Rac1 Nb7 23. Rc2 Rec8 24. Rec1 Rxc2 25. Rxc2 Rc8 26. Rxc8 Bxc8 27. Qc2
Bd7 28. h4 h5 29. Nf4 Qc6 30. Qd1 Be8 31. g4 Qc7 32. gxh5 Qe7 33. Qg4 Nd8 34.
Bd3 1-0

[Event "CRO Team Cup"]
[Site "Mali Losinj"]
[Date "2017.05.12"]
[Round "4.31"]
[White "Livaic, Leon"]
[Black "Martinovic, Sasa"]
[Result "0-1"]
[WhiteElo "2464"]
[BlackElo "2552"]
[PlyCount "74"]
[EventDate "2017.??.??"]

1. d4 Nf6 2. c4 g6 3. Nc3 Bg7 4. e4 d6 5. Be2 O-O 6. Be3 e5 7. d5 Na6 8. g4 Nc5
9. Bf3 c6 10. b4 cxd5 11. cxd5 Ncxe4 12. Nxe4 Nxe4 13. Bxe4 f5 14. gxf5 gxf5
15. Bc2 f4 16. Bd2 e4 17. Bxe4 Qe7 18. f3 Bf5 19. Rc1 Bxe4 20. Qe2 Qh4+ 21. Qf2
Qxf2+ 22. Kxf2 Bd4+ 23. Kg2 Bxd5 24. Ne2 Bb6 25. a4 Rf7 26. Bxf4 Re8 27. Nc3
Bc6 28. b5 Rxf4 29. bxc6 bxc6 30. Kg3 Ref8 31. Rhf1 Be3 32. Rc2 Rc4 33. Re1
Bf4+ 34. Kg2 d5 35. Ree2 Rf6 36. Nd1 Rg6+ 37. Kf1 Rxa4 0-1

[Event "CRO Team Cup"]
[Site "Mali Losinj"]
[Date "2017.05.12"]
[Round "4.32"]
[White "Cvitan, Ognjen"]
[Black "Vujakovic, Branko"]
[Result "1/2-1/2"]
[WhiteElo "2485"]
[BlackElo "2349"]
[PlyCount "57"]
[EventDate "2017.??.??"]

1. d4 Nf6 2. c4 g6 3. Nf3 Bg7 4. g3 d5 5. cxd5 Nxd5 6. Bg2 Nb6 7. Nc3 Nc6 8. e3
O-O 9. O-O Re8 10. h3 e5 11. d5 Na5 12. Qc2 c6 13. b4 Nac4 14. dxc6 bxc6 15.
Rd1 Qe7 16. Nd2 Bf5 17. Nce4 Rad8 18. a3 h5 19. Nxc4 Rxd1+ 20. Qxd1 Nxc4 21.
Ra2 Rd8 22. Qe2 Nd6 23. Nxd6 Rxd6 24. Rd2 c5 25. bxc5 Rxd2 26. Bxd2 Qxc5 27.
Bb4 Qc8 28. h4 Be6 29. Qd1 1/2-1/2

[Event "CRO Team Cup"]
[Site "Mali Losinj"]
[Date "2017.05.12"]
[Round "4.33"]
[White "Blazeka, Matej"]
[Black "Kovacevic, Vlatko"]
[Result "0-1"]
[WhiteElo "2333"]
[BlackElo "2453"]
[PlyCount "116"]
[EventDate "2017.??.??"]

1. e4 e6 2. d4 d5 3. Nd2 a6 4. Ngf3 c5 5. exd5 exd5 6. dxc5 Bxc5 7. Nb3 Ba7 8.
Bd3 Nf6 9. Qe2+ Be6 10. Nbd4 Qe7 11. Bf5 Bxd4 12. Nxd4 Nc6 13. Nxc6 bxc6 14.
Bd3 O-O 15. Bg5 h6 16. Bd2 Rfe8 17. O-O Qd6 18. Qf3 Bg4 19. Qf4 Qxf4 20. Bxf4
Be2 21. Rfe1 Bxd3 22. cxd3 Nd7 23. Bd6 Nf8 24. Bxf8 Kxf8 25. Rac1 Rab8 26.
Rxe8+ Kxe8 27. Rxc6 Rxb2 28. g3 Rxa2 29. Rc5 Rb2 30. Rxd5 Rb7 31. Ra5 Ra7 32.
Kf1 Kd7 33. Ke2 Kc6 34. Kd2 Kb6 35. Ra3 a5 36. Kc3 Kb5 37. Rb3+ Kc5 38. d4+ Kd5
39. f3 Kc6 40. Kc4 a4 41. Ra3 Kd6 42. Kb5 Ra8 43. Kc4 g5 44. f4 g4 45. f5 f6
46. Kb5 h5 47. Kb6 Rb8+ 48. Ka7 Rb4 49. Re3 Kd5 50. Re6 a3 51. Ra6 Rxd4 52. Kb7
Rd2 53. Rxf6 Rxh2 54. Ra6 a2 55. f6 Rf2 56. Kc7 h4 57. gxh4 g3 58. Kd7 g2 0-1

[Event "CRO Team Cup"]
[Site "Mali Losinj"]
[Date "2017.05.12"]
[Round "4.34"]
[White "Zelic, Mladen"]
[Black "Markovic, Franjo-Josip"]
[Result "1-0"]
[WhiteElo "2303"]
[BlackElo "1990"]
[PlyCount "75"]
[EventDate "2017.??.??"]

1. e4 e6 2. d4 d5 3. Nc3 Nf6 4. e5 Nfd7 5. f4 c5 6. Nf3 Nc6 7. Bd3 Nxd4 8. Nxd4
cxd4 9. Ne2 Bc5 10. O-O O-O 11. Qe1 a5 12. Kh1 f6 13. Qh4 g6 14. Qg3 Qe7 15.
Bd2 f5 16. Qh3 Rf7 17. g4 Nf8 18. Be1 Qc7 19. Bh4 Be7 20. Rg1 Bxh4 21. Qxh4 a4
22. Qf2 b6 23. Nxd4 Qc5 24. a3 Ba6 25. Bxa6 Rxa6 26. c3 b5 27. Rae1 Nd7 28.
gxf5 Rxf5 29. Qh4 Rf8 30. Qh3 Qe7 31. f5 exf5 32. e6 Nf6 33. Nxf5 Qb7 34. Rg2
Ne4 35. e7 Re8 36. Rf1 Rxe7 37. Nxe7+ Qxe7 38. Qc8+ 1-0

[Event "CRO Team Cup"]
[Site "Mali Losinj"]
[Date "2017.05.12"]
[Round "4.41"]
[White "Jovanovic, Zoran"]
[Black "Vidovic, Mario"]
[Result "1-0"]
[WhiteElo "2537"]
[BlackElo "2242"]
[PlyCount "46"]
[EventDate "2017.??.??"]

1. e4 c6 2. Nc3 Na6 3. Bxa6 bxa6 4. d4 g6 5. Nf3 Bg7 6. O-O Nf6 7. Re1 O-O 8.
h3 d6 9. Bf4 Rb8 10. b3 Qa5 11. Qd2 Qc7 12. Bh6 Bb7 13. Bxg7 Kxg7 14. e5 dxe5
15. dxe5 Nd5 16. Nxd5 cxd5 17. Nd4 e6 18. Re3 Bc8 19. Rae1 Rb6 20. Rf3 f5 21.
exf6+ Rxf6 22. Rxf6 Kxf6 23. Qh6 Qf7 1-0

[Event "CRO Team Cup"]
[Site "Mali Losinj"]
[Date "2017.05.12"]
[Round "4.42"]
[White "Vidovic, Sasa"]
[Black "Pikula, Dejan"]
[Result "0-1"]
[WhiteElo "2299"]
[BlackElo "2452"]
[PlyCount "80"]
[EventDate "2017.??.??"]

1. b3 e5 2. Bb2 Nc6 3. e3 g6 4. f4 Bg7 5. Nf3 d6 6. Bb5 Nge7 7. O-O O-O 8. fxe5
dxe5 9. Nc3 h6 10. Rb1 a6 11. Bxc6 Nxc6 12. e4 Be6 13. d3 Qd6 14. Qd2 b5 15.
Rbe1 Kh7 16. Ne2 Rfd8 17. Ng3 a5 18. a3 f6 19. Qf2 Rd7 20. Bc1 Ne7 21. Be3 Rad8
22. Bc5 Qa6 23. h3 Nc8 24. Kh1 Nd6 25. Nh2 Nb7 26. Be3 Qd6 27. a4 bxa4 28. bxa4
Qc6 29. Rb1 Nd6 30. Nf3 Ra8 31. Bc5 Qxa4 32. c4 Nf7 33. Nh4 Ng5 34. Nxg6 Kxg6
35. h4 Rxd3 36. hxg5 hxg5 37. Nf5 Qd7 38. Qe2 Rh8+ 39. Kg1 Rd2 40. Ne7+ Qxe7
0-1

[Event "CRO Team Cup"]
[Site "Mali Losinj"]
[Date "2017.05.12"]
[Round "4.43"]
[White "Djurovic, Goran"]
[Black "Kovac, Hrvoje"]
[Result "1-0"]
[WhiteElo "2389"]
[BlackElo "1959"]
[PlyCount "93"]
[EventDate "2017.??.??"]

1. Nf3 c5 2. g3 Nc6 3. Bg2 g6 4. d4 cxd4 5. Nxd4 Nxd4 6. Qxd4 Nf6 7. c4 Bg7 8.
Nc3 O-O 9. O-O d6 10. Qd3 Qa5 11. Rb1 Qh5 12. f3 Be6 13. b3 d5 14. cxd5 Nxd5
15. Nxd5 Qxd5 16. Qxd5 Bxd5 17. Rd1 Bc6 18. Be3 Rfd8 19. Kf2 Kf8 20. a4 Ke8 21.
Bh3 Bd7 22. Bxd7+ Rxd7 23. g4 b6 24. Rxd7 Kxd7 25. Rd1+ Kc7 26. Bf4+ e5 27. Bg5
f6 28. Bc1 Bf8 29. e4 Bc5+ 30. Ke2 Rf8 31. Bb2 Re8 32. Bc3 a5 33. Rd5 g5 34.
Be1 Bd4 35. h4 h6 36. h5 Ra8 37. Kd3 Kc6 38. Kc4 Bc5 39. Bc3 Re8 40. Bxa5 bxa5
41. Rxc5+ Kb6 42. Rb5+ Ka6 43. Kd5 Rd8+ 44. Ke6 Rd3 45. Kxf6 Rxf3+ 46. Kg6 Rf4
47. Rxe5 1-0

[Event "CRO Team Cup"]
[Site "Mali Losinj"]
[Date "2017.05.12"]
[Round "4.44"]
[White "Strukelj, Zlatko"]
[Black "Dutina, Dario"]
[Result "0-1"]
[WhiteElo "1755"]
[BlackElo "2285"]
[PlyCount "64"]
[EventDate "2017.??.??"]

1. e4 e5 2. Nf3 Nc6 3. Bb5 a6 4. Ba4 Nf6 5. O-O Nxe4 6. d4 b5 7. Bb3 d5 8. dxe5
Be6 9. Qe2 Nc5 10. Rd1 Nxb3 11. axb3 Bc5 12. Nc3 O-O 13. Bf4 Ne7 14. Ne4 Ng6
15. Bg5 Be7 16. Be3 Bg4 17. Nc5 Nxe5 18. Bd4 Nxf3+ 19. gxf3 Bh3 20. Qe5 f6 21.
Qg3 Bc8 22. Re1 Bd6 23. Qg2 Kf7 24. c4 Bxc5 25. Bxc5 Re8 26. Rxe8 Qxe8 27. f4
Bb7 28. cxd5 Rd8 29. Qf1 Rxd5 30. Re1 Qc6 31. Re7+ Kg6 32. Qb1+ Rf5 0-1

[Event "CRO Team Cup"]
[Site "Mali Losinj"]
[Date "2017.05.12"]
[Round "4.51"]
[White "Sedlak, Nikola"]
[Black "Sprenger, Jan Michael"]
[Result "1/2-1/2"]
[WhiteElo "2523"]
[BlackElo "2520"]
[PlyCount "132"]
[EventDate "2017.??.??"]

1. d4 d5 2. Nf3 Nf6 3. Bf4 c5 4. e3 Nc6 5. Nbd2 Bg4 6. c3 cxd4 7. exd4 e6 8.
Qb3 Qc8 9. Bd3 Be7 10. O-O O-O 11. Ne5 Bh5 12. Qc2 Bg6 13. Nxg6 hxg6 14. Nf3
Qd8 15. g3 Rc8 16. Qe2 Re8 17. h4 Nh5 18. Bg5 Bf6 19. Rae1 Ne7 20. Bc1 e5 21.
Nxe5 Bxe5 22. Qxe5 Nf6 23. Bg5 Rc6 24. Qf4 a6 25. Re2 Nc8 26. Rfe1 Rxe2 27.
Rxe2 Qd7 28. Qf3 Re6 29. Rxe6 Qxe6 30. Bxf6 gxf6 31. Qe2 Qd7 32. h5 Kg7 33. Qf3
Qe6 34. hxg6 fxg6 35. c4 Nd6 36. cxd5 Qe7 37. Qf4 Qe1+ 38. Kg2 Qe7 39. Qe3 Qxe3
40. fxe3 f5 41. b4 Kf6 42. Kf3 Nc8 43. g4 Kg5 44. gxf5 gxf5 45. a4 Nd6 46. a5
Nc8 47. Bc2 Nd6 48. Ba4 Ne4 49. Bd7 Nd6 50. Be6 Ne4 51. Bc8 Nd6 52. Bxb7 Nxb7
53. b5 Nxa5 54. bxa6 Nc4 55. a7 Nb6 56. d6 Kf6 57. d7 Ke7 58. Kf4 Kxd7 59. Kxf5
Kc6 60. e4 Kb7 61. e5 Kxa7 62. e6 Nc8 63. Kf6 Kb7 64. e7 Nd6 65. Ke6 Kc6 66.
d5+ Kc7 1/2-1/2

[Event "CRO Team Cup"]
[Site "Mali Losinj"]
[Date "2017.05.12"]
[Round "4.52"]
[White "Rade, Miroslav"]
[Black "Krstic, Uros"]
[Result "0-1"]
[WhiteElo "2434"]
[BlackElo "2383"]
[PlyCount "86"]
[EventDate "2017.??.??"]

1. e4 c6 2. Nc3 d5 3. Nf3 dxe4 4. Nxe4 Nf6 5. Nxf6+ exf6 6. d4 Bd6 7. Bd3 O-O
8. O-O Bg4 9. h3 Bh5 10. Bf5 Bc7 11. c3 Nd7 12. Qd3 Bg6 13. Re1 Nc5 14. Qc2
Bxf5 15. Qxf5 Ne6 16. Be3 Re8 17. Qc2 Qd6 18. c4 g6 19. Rad1 Ng7 20. d5 c5 21.
b4 b6 22. bxc5 bxc5 23. g3 Nf5 24. Bf4 Qd7 25. Bxc7 Qxc7 26. Qa4 Rxe1+ 27. Nxe1
Nd4 28. Rd3 Rb8 29. Nf3 Nf5 30. Kg2 Kg7 31. Rb3 Rb6 32. Qa5 Nd6 33. Nd2 h5 34.
h4 Kf8 35. Qa3 Kg7 36. Qb2 Qb7 37. Qb1 Nxc4 38. Qd3 Nxd2 39. Qxd2 Rxb3 40. axb3
Qxb3 41. d6 Qb7+ 42. Kf1 c4 43. Ke2 c3 0-1

[Event "CRO Team Cup"]
[Site "Mali Losinj"]
[Date "2017.05.12"]
[Round "4.53"]
[White "Trbojevic, Mladen"]
[Black "Ljubicic, Filip"]
[Result "0-1"]
[WhiteElo "2346"]
[BlackElo "2385"]
[PlyCount "126"]
[EventDate "2017.??.??"]

1. e4 c5 2. c3 Nf6 3. e5 Nd5 4. Nf3 e6 5. d4 cxd4 6. cxd4 d6 7. Bc4 Nc6 8. O-O
Nb6 9. Bd3 d5 10. Nc3 h6 11. a3 a6 12. Be3 Bd7 13. Nd2 Na5 14. b4 Rc8 15. bxa5
Rxc3 16. Qb1 Na4 17. Be2 Rc7 18. Bd3 Be7 19. f4 Rc3 20. Rf3 Qxa5 21. f5 Qb6 22.
Qf1 exf5 23. Rb1 Qc7 24. g4 Rxd3 25. Qxd3 fxg4 26. Rf2 O-O 27. Nf1 b5 28. Rc1
Qd8 29. Ng3 Nb6 30. Rcf1 Nc4 31. Bc1 Bg5 32. Nh5 Bxc1 33. Rxc1 Qg5 34. Nf4 Bf5
35. Qg3 h5 36. h4 Qh6 37. Rcf1 Be4 38. e6 fxe6 39. Nxd5 Rxf2 40. Ne7+ Kh7 41.
Qxf2 Qd2 42. Qxd2 Nxd2 43. Rf4 g3 44. Nc8 Bb7 45. Nd6 Bd5 46. Nf7 a5 47. Ne5
Kg8 48. Rf7 b4 49. axb4 axb4 50. Rc7 b3 51. Rc8+ Kh7 52. Rb8 Be4 53. Rb6 g5 54.
hxg5 h4 55. g6+ Kh6 56. Rb8 Bxg6 57. Nxg6 Kxg6 58. Kg2 Kg5 59. Kh3 Kf4 60. Kg2
Ke3 61. Rb4 Kd3 62. Kh3 Kc3 63. Rb6 b2 0-1

[Event "CRO Team Cup"]
[Site "Mali Losinj"]
[Date "2017.05.12"]
[Round "4.54"]
[White "Ivic, Mateo"]
[Black "Tomasic, Roland"]
[Result "1-0"]
[WhiteElo "2229"]
[BlackElo "2173"]
[PlyCount "51"]
[EventDate "2017.??.??"]

1. e4 c5 2. Nf3 d6 3. d4 cxd4 4. Nxd4 Nf6 5. Nc3 Bd7 6. Bc4 e6 7. Be3 a6 8. Bb3
b5 9. a3 Nc6 10. O-O Be7 11. f4 O-O 12. Qf3 Qc7 13. Rad1 Na5 14. g4 Nc4 15. g5
Ne8 16. Bxc4 Qxc4 17. Rd3 Rb8 18. b3 Qc8 19. f5 Kh8 20. Qh5 g6 21. Qh6 gxf5 22.
Nxf5 exf5 23. Bd4+ f6 24. g6 Rf7 25. gxf7 Ng7 26. Rh3 1-0

[Event "CRO Team Cup"]
[Site "Mali Losinj"]
[Date "2017.05.12"]
[Round "4.61"]
[White "Zovko, Mario"]
[Black "Lalic, Bogdan"]
[Result "1/2-1/2"]
[WhiteElo "2325"]
[BlackElo "2449"]
[PlyCount "28"]
[EventDate "2017.??.??"]

1. e4 c5 2. Nf3 d6 3. Bb5+ Bd7 4. Bxd7+ Qxd7 5. c4 Nf6 6. Nc3 g6 7. d4 cxd4 8.
Nxd4 Bg7 9. f3 O-O 10. Be3 Rc8 11. b3 Nc6 12. Qd3 a6 13. O-O Qd8 14. Rac1 Qa5
1/2-1/2